| 000 | 00325 a2200121 4500 | ||
|---|---|---|---|
| 020 | _a0074623664 | ||
| 082 | _a624.171 RED | ||
| 100 | _aReddy, C. S. | ||
| 245 |
_aBasic structural analysis _cC. S. Reddy |
||
| 250 | _a2nd.ed | ||
| 260 |
_aNew Delhi : _bTata McGraw Hill : _c1997 . |
||
| 300 |
_axx .779 p. : _bill. ; _c25 cm. |
||
| 650 | _astructural analysis | ||
| 999 |
_c308 _d308 |
||